• 首页
  • 本馆介绍
  • 公告通知
  • 最新文献
  • 馆藏检索
  • 电子资源
  • 读者导购
  • 参考咨询
  • 我的图书馆
  • 登录
  • 详细信息显示
  • 放入我的书架
  • 预约/预借图书
  • 作者相关作品
  • 分类相关作品
  • 丛书相关作品
  • 出版社相关作品

书目信息

  • 表格格式
  • 工作单格式
  • 卡片格式
题名:
英语名师教学主张和实践
    
 
作者: 周大明 , 卢健 主编
分册:  
出版信息: 厦门   厦门大学出版社  2020
页数: 232页
开本: 24cm
丛书名: 福建省“十三五”名师丛书
单 册:
中图分类: G633.412
科图分类:
主题词: 英语课--教学研究--中学
电子资源:
ISBN: 978-7-5615-7949-7
000 00975nam0 2200265 450
001 2333790160
005 20231024092321.44
010    @a978-7-5615-7949-7@dCNY58.00
100    @a20210316d2020 em y0chiy50 ea
101 0  @achi@aeng
102    @aCN@b350000
105    @aa z 000yy
200 1  @a英语名师教学主张和实践@Aying yu ming shi jiao xue zhu zhang he shi jian@f周大明,卢健主编
210    @a厦门@c厦门大学出版社@d2020
215    @a232页@c图@d24cm
225 1  @a福建省“十三五”名师丛书@f郭春芳主编
300    @a福建教育学院资助出版
330    @a本书内容包括:“三味英语”-我的阅读教学主张、“学思英语”教学主张的构念与实践、走向英语阅读的审美境界-我的“审美性阅读”教学主张、“情智英语”-我的英语教学主张等。
410  0 @12001 @a福建省“十三五”名师丛书
606 0  @a英语课@x教学研究@x中学
690    @aG633.412@v5
701  0 @a周大明@Azhou da ming@4主编
701  0 @a卢健@Alu jian@4主编
801  0 @aCN@b91MARC@c20210325
905    @aZUCC@dG633.412@e16
    
    英语名师教学主张和实践/周大明,卢健主编.-厦门:厦门大学出版社,2020
    232页:图;24cm.-(福建省“十三五”名师丛书/郭春芳主编)
    福建教育学院资助出版
    
    ISBN 978-7-5615-7949-7:CNY58.00
    本书内容包括:“三味英语”-我的阅读教学主张、“学思英语”教学主张的构念与实践、走向英语阅读的审美境界-我的“审美性阅读”教学主张、“情智英语”-我的英语教学主张等。
●
相关链接 在五车中查询图书 在当当中查询图书 在豆瓣中查询图书


正题名:英语名师教学主张和实践     索取号:G633.412/16         预约/预借

序号 登录号 条形码 馆藏地/架位号 状态 备注
1 2001036099   2001036099   第四书库/四8架A面3层2列/ [索取号:G633.412/16] 在馆    
2 2001036100   2001036100   第四书库/四8架A面3层2列/ [索取号:G633.412/16] 在馆    
3 2001036101   2001036101   第四书库/四8架A面3层2列/ [索取号:G633.412/16] 在馆    
4 2001036102   2001036102   第四书库/四8架A面3层2列/ [索取号:G633.412/16] 在馆    
5 2001036103   2001036103   第四书库/四8架A面3层2列/ [索取号:G633.412/16] 在馆    
6 2001036104   2001036104   第四书库/四8架A面3层2列/ [索取号:G633.412/16] 在馆    
山东省滨州职业学院图书馆 欢迎您!
大连网信软件有限公司© 版权所有